书目信息 |
| 题名: |
测量仪器的使用检修与保养法
|
|
| 作者: | 刘海清 编著 | |
| 分册: | ||
| 出版信息: | 上海 科技卫生出版社 1958 |
|
| 页数: | 340页 | |
| 开本: | 19cm | |
| 丛书名: | ||
| 单 册: | ||
| 中图分类: | P204 | |
| 科图分类: | ||
| 主题词: | 测量仪器--应用 , 测量仪器--保修 | |
| 电子资源: | ||
| ISBN: | 15119.559 | |
| 000 | 00721cam0 2200253 450 | |
| 001 | 0105428794 | |
| 005 | 20130524132209.0 | |
| 010 | @a15119.559@dCNY1.50 | |
| 091 | @a15119.559@dCNY1.50 | |
| 100 | @a20021005e19591958em y0chiy0110 ea | |
| 101 | 0 | @achi |
| 102 | @aCN@b310000 | |
| 105 | @ay z 000yy | |
| 106 | @ar | |
| 200 | 1 | @a测量仪器的使用检修与保养法@9Ce Liang Yi Qi De;Di Shi Yong Jian Xiu Yu Bao Yang Fa @e正编@f刘海清编著@b专著 |
| 205 | @a新1版 | |
| 210 | @a上海@c科技卫生出版社@d1958@h1959重印 | |
| 215 | @a340页@d19cm | |
| 606 | 0 | @a测量仪器@x应用 |
| 606 | 0 | @a测量仪器@x保修 |
| 690 | @aP204@v3 | |
| 701 | 0 | @a刘海清@9liu hai qing@4编著 |
| 801 | 0 | @aCN@bAiZhiMarc |
| 905 | @aBZT@dP204@e2@f1@sP204/2 | |
| 测量仪器的使用检修与保养法:正编/刘海清编著.-新1版.-上海:科技卫生出版社,1958(1959重印) |
| 340页;19cm |
| ISBN 15119.559:CNY1.50 |
| ● |
| 相关链接 |
|
|
|
正题名:测量仪器的使用检修与保养法
索取号:P204/2
 
预约/预借
| 序号 | 登录号 | 条形码 | 馆藏地/架位号 | 状态 | 备注 |
| 1 | 2000119217 | 2000119217 | 旧书回溯/ [索取号:P204/2] | 在馆 |